000 00577cam a2200205 4500
008 090401t1987 xxu||||| |||| 00| 0 eng d
020 _a0091707609
035 _a(Sirsi) u29033
041 _aeng
050 _a692.3
110 _aBritish Standards Institution
_9130
245 _aManual of British Standards in building construction and specification
250 _a2nd
260 _aLondon
_bBritish Standards Instution & Hutchinson
_c1987
300 _a334p. : ill. ; 30cm.
350 _a25
700 _aSmith, Maxwell
_xEditor
942 _n0
948 _c04/03/1997
999 _c89380
_d89380